Sports Quiz

Random Sports or Clickable Quiz

Trade Bait! (MLB Edition) Quiz Stats

 Plays Quiz Updated Jul 31, 2013

Challenge
Share
Tweet
Embed
Score 0/30 Timer 05:00
0 Plays Today
% Correct
Babe Ruth
88.1%
Alex Rodriguez
84.1%
Roy Halladay
82%
Ken Griffey Jr.
81.8%
C.C. Sabathia
77%
Mark McGwire
75.2%
Pedro Martinez
74.6%
Curt Schilling
74.4%
Matt Holliday
71.8%
Jeff Bagwell
69.2%
Sammy Sosa
69.1%
Brian Giles
69%
Mike Piazza
66.8%
Ozzie Smith
66.3%
Frank Robinson
65.4%
% Correct
Roger Clemens
63.3%
Randy Johnson
62.6%
Kenny Lofton
62.5%
Rickey Henderson
62.1%
Tris Speaker
61.6%
Bartolo Colon
60%
Tom Seaver
58.3%
Steve Carlton
58.3%
David Cone
57.5%
Nolan Ryan
56.4%
Fred McGriff
54.7%
Fergie Jenkins
51.1%
Joe Torre
51%
Rocky Colavito
50.7%
Dennis Eckersley
41.8%

You're not logged in!

Compare scores with friends on all Sporcle quizzes.
Join for Free
OR
Log In

You Might Also Like...

Show Comments

Extras

Top Quizzes Today


Score Distribution

Your Account Isn't Verified!

In order to create a playlist on Sporcle, you need to verify the email address you used during registration. Go to your Sporcle Settings to finish the process.

Report this User

Report this user for behavior that violates our Community Guidelines.

Details: